000 00282nam a22001217a 4500
008 180208b xxu||||| |||| 00| 0 eng d
041 _aeng
080 _a33
100 _a52
101 _aEKO
245 _aThe works and correspondence of david ricardo
_cSraffa,P
942 _2udc
_cBK
999 _c42163
_d42163